000 00363 a2200133 4500
999 _c324968
_d324968
001 89895
003 NUST
082 _a823.912 BLY
100 _aBlyton Grid
_99900
245 _aFive on a hike together
_bThe Famous Five
_cGrid Blyton
_hEnglish
260 _aLondon
_bHodder Children's Book
_c2010
300 _aviii, 213p.
500 _aGeneral Books
942 _aCAE NUST
_cBK
_k823.912 BLY
_2ddc